• 首页
  • 本馆介绍
  • 公告通知
  • 最新文献
  • 馆藏检索
  • 电子资源
  • 读者导购
  • 参考咨询
  • 我的图书馆
  • 登录
  • 详细信息显示
  • 放入我的书架
  • 预约/预借图书
  • 作者相关作品
  • 分类相关作品
  • 丛书相关作品
  • 出版社相关作品

书目信息

  • 表格格式
  • 工作单格式
  • 卡片格式
题名:
惠安常见树木
    
 
作者: 刘荣成 , 林竑斌 主编 ;惠安县林业局 编著
分册:  
出版信息: 北京   中国林业出版社  2008
页数: 182页
开本: 26cm
丛书名:
单 册:
中图分类: S717.257.4
科图分类:
主题词: 木本植物--简介--惠安县 , 木本植物 , 惠安县
电子资源:
ISBN: 978-7-5038-5343-2
000 00934nam0 2200277 45
001 1033116781
005 20100407164745.68
010    @a978-7-5038-5343-2@dCNY96.00
100    @a20100402d2008 em y0chiy50 ea
101 0  @achi
102    @aCN@b110000
105    @aa z 001yy
106    @ar
200 1  @a惠安常见树木@AHui An Chang Jian Shu Mu@f刘荣成,林竑斌主编@FLiu Rong Cheng, Lin Hong Bin Zhu Bian@g惠安县林业局编著
210    @a北京@c中国林业出版社@d2008
215    @a182页@c彩图@d26cm
330    @a本书收录的树种,共51科151种,以乔木、小乔木为主,灌木只收录一些重要推广树种。
606 0  @a木本植物@x简介@y惠安县
606 0  @a木本植物
606 0  @a惠安县
690    @aS717.257.4@v4
701  0 @a刘荣成@ALiu Rong Cheng@c(林业管理)@4主编
701  0 @a林竑斌@ALin Hong Bin@4主编
712 02 @a惠安县林业局@AHui An Xian Lin Ye Ju@4编著
801  0 @aCN@bTANGWEI@c20100407
905    @b0588601-03@dS717.257.4@e43@f3
    
    惠安常见树木/刘荣成,林竑斌主编/惠安县林业局编著.-北京:中国林业出版社,2008
    182页:彩图;26cm
    
    
    ISBN 978-7-5038-5343-2:CNY96.00
    本书收录的树种,共51科151种,以乔木、小乔木为主,灌木只收录一些重要推广树种。
●
相关链接 在E读中查询图书 在五车中查询图书 在当当中查询图书 在豆瓣中查询图书


正题名:惠安常见树木     索取号:S717.257.4/43         预约/预借

序号 登录号 条形码 馆藏地/架位号 状态 备注
1 0588601   205886013   第二样本阅览室/ [索取号:S717.257.4/43] 在馆    
2 0588602   205886022   第三借阅区/ [索取号:S717.257.4/43] 在馆    
3 0588603   205886031   第三借阅区/ [索取号:S717.257.4/43] 在馆    
唐山师范学院图书馆 欢迎您!
大连网信软件有限公司© 版权所有